000 00652nam a2200217Ia 4500
001 8438
003 GE_BSU
008 181216s||||||||xx |||||||||||||| ||und||
040 _cGE_BSU
080 _a821.353.1-1
100 _aვაჟა-ფშაველა
245 _aტ.2: ლექსები
245 _cა. აბაშელისა და ა. შაინიძის რედაქციით.
250 _aბ.ს. კომბ–ტი
260 _aთბილისი.
260 _bსახელგამი.
260 _c1950
300 _a472 გვ; 24 სმ.
300 _bავტოგრ.
942 _cBK
999 _c41757
_d41757